Sommets de Corse - Statistiques

Statistiques générales
  • Ce quiz a été pris 22 fois
  • Le résultat moyen est 6 sur 37
Statistiques - réponses
Hint Réponse % Correct
2706 m Monte Cintu
100%
2352 m Monte Renosu
69%
2622 m Monte Rotondo
69%
2134 m Monte Incudine
62%
2525 m Paglia Orba
54%
2389 m Monte d'Oru
46%
2335 m Capu Tafunatu
31%
2112 m Punta dell'Oriente
23%
2562 m Capu Biancu
15%
2144 m Monte Corona
15%
2157 m Monte Niellu
15%
2390 m Monte Padro
15%
2556 m Punta Minuta
15%
2148 m A Muvrella
8%
2029 m Capu Dente
8%
2583 m Capu Verdatu
8%
2180 m Cima à i Mori
8%
2453 m Monte Cardo
8%
2313 m Punta À e Porte
8%
2327 m Punta Artica
8%
2235 m Punta Licciola
8%
2101 A Cimatella
0%
2496 m A Maniccia
0%
2540 m Capu Falu
0%
2503 m Capu Larghia
0%
2262 m Monte Tortu
0%
2255 m Punta à a Vetta
0%
2250 m Punta Capanella
0%
2041 m Punta di a Capella
0%
2437 m Punta Felicina
0%
2254 m Punta Migliarellu
0%
2590 m Punta Mufrena
0%
2342 m Punta Muzzela
0%
2101 m Punta Scaldasole
0%
2126 m Punta Scarachiana
0%
2121 m Punta Sfrondita
0%
2018 m Punta Tintennaghja
0%
Aucun quiz correspondant
Distribution des résultats
% des personnes avec chaque résultat
Percentile par nombre de réponses
Votre historique - résultats
Vous n’avez pas pris ce quiz